Човекът и неговата жизнена среда - проблем на човечеството (Запис номер 468335)
[ съкратено ]
| 000 -Лидер | |
|---|---|
| Контролно поле с фиксирана дължина | nam a22 a 4500 |
| 003 - Код на организацията, давaща контролен номер | |
| Контролно поле | BLK |
| 005 - Дата и час на последна редакция | |
| Контролно поле | 20220727141030.0 |
| 008 - Елементи от данни с фиксирана дължина | |
| fixed length control field | 180408b bul|||||r ||||||| ||bul|| |
| 040 ## - Източник на каталожния запис | |
| Идентификатор на билиотеката - собственик на записа | BLK |
| 041 ## - Код за език | |
| Код за езика на текст/звукозапис или на отделно заглавие | Български |
| Код за езика КДБФ | Български |
| 080 ## - УДК | |
| Текстов определител УДК | Опазване на растенията и на животните - Резервати за растения и животни, опазване отделните видове се изразява с отношение към съответните индекси |
| УДК код - определител по УДК | 502.7 |
| УДК - код + определител | 502.7 |
| 080 ## - УДК | |
| Текстов определител УДК | Медицинска екология. Комунална хигиена и санитария. Хигиена на градове и села. Вж и 351. 77; 502. 6; 628 |
| УДК код - определител по УДК | 614.7 |
| УДК - код + определител | 614.7 |
| 100 1# - Редна дума - Автор | |
| Автор | Динков, Божидар Димитров |
| Авторска отговорност | първи автор |
| R(LIN) | 269140 |
| 139 ## - Редно поле | |
| Редна дума | Динков, Божидар Димитров |
| 245 10 - Сведения за заглавието | |
| Заглавие | Човекът и неговата жизнена среда - проблем на човечеството |
| Подзаглавни данни | Науч.-попул. очерк |
| Редно поле (дума) | Божидар Д. Динков. |
| 257 ## - Страна на издаване | |
| Страна на създаване/издаване | България |
| 260 ## - Област на издателските данни | |
| Място на издаване, разпространение и проч. | София |
| Име на издателя, разпространителя и проч. | ОФ |
| Година на издаване | 1972 |
| 9 (RLIN) | 210038 |
| Издателство - префикс ISBN | 954-509- |
| 300 ## - Физическа характеристика | |
| Страници | 64 с. |
| Размери/Мащаб | 20 см |
| 380 ## - Жанр | |
| Жанр | Естествени науки. Математика |
| 650 #7 - Допълнително описание по предмет – тема | |
| Основно описание – тема или топоним | Човекознание |
| 9 (RLIN) | 177684 |
| 650 #7 - Допълнително описание по предмет – тема | |
| Основно описание – тема или топоним | Околна среда - замърсяване - влияние на организма |
| 9 (RLIN) | 164900 |
| 653 #7 - Ключова дума – ненормативна | |
| Ключова дума | човек |
| 9 (RLIN) | 200711 |
| 653 #7 - Ключова дума – ненормативна | |
| Ключова дума | жизнена среда |
| 9 (RLIN) | 186640 |
| 653 #0 - Ключова дума – ненормативна | |
| Ключова дума | влияние |
| 9 (RLIN) | 455515 |
| 852 ## - Местоположение | |
| Форматна сигнатура | Цб 64779 |
| Фондова буква | Хранилище |
| 999 ## - СИСТЕМНИ КОНТРОЛНИ НОМЕРА | |
| Koha biblionumber | 468335 |
| Koha biblioitemnumber | 468335 |
| 942 ## - АРТИКУЛИ | |
| Вид на библиотечния материал | Книги |
| Скрит в OPAC | Не |
| Периодичен библиозапис | Да |
| 944 ## - СЪЗДАВАНЕ И РЕДАКЦИЯ на ЗАПИСА | |
| Създаване/Редакция | Създаване |
| Дата на регистрацията/редакция | 2022-07-27 |
| Служител, извършил регистрацията/редакцията | СТ |
| Код за отписване | Код за изгубен артикул | Източник на класификационната схема | Код за повреда | Коз за рестрикции | Код за отдаване | Артикулен № | Име на библиотеката - собственик | Име на библиотеката, в която се намира в момента | Статус (Текущо местоположение) | Дата на вписване в системата | Местоположение - отдел | Цена в лева | Инвентарен номер | Систематично азбучна сигнатура | Баркод | Цена в евро | Служебен тип на артикула |
|---|---|---|---|---|---|---|---|---|---|---|---|---|---|---|---|---|---|
| Не е изгубен | Universal Decimal Classification | Не е повреден | само за читалня | ползва се в читалня | 897730 | Регионална библиотека "Любен Каравелов" Русе | Регионална библиотека "Любен Каравелов" Русе | Хранилище | 2022-07-28 | Хранилище | 0.12 | 125519 | Цб 64779 | 120000125519 | 0.06 | Книги |